Представление документа в формате RUSMARC

ПолеНазваниеЗначение
  Тип записи a
  Библиографический уровень m
001 Контрольный номер UONB/MAIN/2615031eb09b41f9974fa564a7b980de
005 Дата корректировки 20260414125512.3
010 Индекс ISBN __
b Уточнения в пер.
d Цена 1 р. 75 к.
100 Данные общей обработки __
a Данные общей обработки 20260414d1890 m y0rusy0189 ca
101 Язык документа 1_
a Язык текста rus
c Язык оригинала ger
102 Страна публикации __
a Страна публикации RU
105 Кодированные данные (монография) __
a Кодированные данные (монография) y z 001yy
200 Заглавие и сведения об ответственности 1_
a Заглавие Психические расстройства в детском возрасте
d Параллельное заглавие Die psychischen Störungen im Kindesalter
f Первые сведения об ответственности Г. Эмминггауз
g Последующие сведения об ответственности перевод с немецкого [и снабдил предисловием] приват-доцент В. Ф. Якубович, ассистент Детской клиники Военно-медицинской академии (с разрешения автора)
203 Вид содержания и тип средства __
a Вид содержания Текст
b Характеристика содержания визуальный
c Тип средства непосредственный
210 Выходные данные 1_
a Место издания Санкт-Петербург
c Издательство Л. Ф. Пантелеев
d Дата издания 1890
215 Физическое описание __
a Объем [2], VIII, 267 с.
d Формат 22 см
320 Библиография __
a Библиография Библиогр. в начале разд. и в примеч.
606 Тематические рубрики 0_
a Основная рубрика Детская психология
610 Ключевые слова 0_
a Ключевые слова детская психика; расстройства детской психики
686 Индексы других классификаций __
a Классификационный индекс 88.832
2 Код системы rubbk
700 Автор _1
a Фамилия Эмминггауз
b Имя (инициалы) Г.
g Полное личное имя Герман
f Даты 1845-1904
702 Вторичная интеллектуальная ответственность _1
a Фамилия Якубович
b Имя (инициалы) В. Ф.
4 Код отношения 730
4 Код отношения 080
801 Источник записи _0
a Страна RU
b Организация Ульяновская ОНБ
c Дата составления 20260414
g Правила каталогизации RCR
801 Источник записи _1
a Страна RU
b Организация Ульяновская ОНБ
c Дата составления 20260414
g Правила каталогизации RCR
901 Тип документа __
t Тип документа m
909 Создатель записи __
a Создатель записи Моргунова
b Дата создания записи 20260414